LEADER 01030nam a22002771i 4500 001 991001817039707536 005 20031219155852.0 008 040407s1978 it |||||||||||||||||ita 035 $ab12827770-39ule_inst 035 $aARCHE-080739$9ExL 040 $aDip.to Scienze Storiche$bita$cA.t.i. Arché s.c.r.l. Pandora Sicilia s.r.l. 082 04$a711 100 1 $aUrbani, Leonardo$032099 245 13$aLa città è sola :$bplurispazialità territoriale, obsolescenza del manufatto edilizio, mobilità della forma urbana /$cLeonardo Urbani 260 $aRoma :$bStudium,$c[1978] 300 $aXXIX, 273 p. ;$c21 cm 440 3$aLa cultura ;$v14 650 4$aArchitettura 650 4$aCittà 650 4$aUrbanistica 907 $a.b12827770$b02-04-14$c16-04-04 912 $a991001817039707536 945 $aLE009 GEOG.13-38$g1$i2009000395497$lle009$o-$pE0.00$q-$rl$s- $t0$u1$v0$w1$x0$y.i13379409$z16-04-04 996 $aCittà è sola$9296475 997 $aUNISALENTO 998 $ale009$b16-04-04$cm$da $e-$fita$git $h3$i1 LEADER 01703nam 2200397z- 450 001 9910689824803321 005 20161209104608.0 035 $a(CKB)5860000000020590 035 $a(BIP)012843483 035 $a(EXLCZ)995860000000020590 100 $a20220406c2005uuuu -u- - 101 0 $aeng 200 10$aDepartment of Energy's fiscal year 2006 budget proposal and the Energy Policy Act of 2005 $eensuring jobs for our future with secure and reliable energy : hearing before the Committee on Energy and Commerce, House of Representatives, One Hundred Ninth Congress, first session, February 9, 2005 215 $a1 online resource (iii, 81 p.) 311 $a0-16-074860-7 517 $aDepartment of Energy's fiscal year 2006 budget proposal and the Energy Policy Act of 2005 606 $aEnergy development$xLaw and legislation$zUnited States 606 $aEnergy policy$xLaw and legislation$zUnited States 606 $aEnergy conservation$xLaw and legislation$zUnited States 606 $aPower resources$xLaw and legislation$zUnited States 610 $aUnited States 610 $aEnergy development 610 $aEnergy policy 610 $aEnergy conservation 610 $aPower resources 610 $aPolitical science 610 $aLaw 610 $aTechnology & engineering 615 0$aEnergy development$xLaw and legislation 615 0$aEnergy policy$xLaw and legislation 615 0$aEnergy conservation$xLaw and legislation 615 0$aPower resources$xLaw and legislation 906 $aBOOK 912 $a9910689824803321 996 $aDepartment of Energy's fiscal year 2006 budget proposal and the Energy Policy Act of 2005$93193444 997 $aUNINA